01433nam a2200289 4500001000700000003000900007005001700016007000300033008004100036100003300077245005400110260003600164300003100200505044500231700005000676700003300726740002300759740003800782740003700820740002300857740005200880740001600932740001800948852003400966999001901000952012401019127253ES-MaACL20230906192956.0t|070214m19471955sp r ||||1| spa d1 aReynold, Gonzague de.99662513aLa formación de Europa / cGonzague de Reynold. aMadrid : bPegaso, c1947-1955. a5 tomos en 6 v. ; c22 cm.8 aContiene: Tomo I. ¿Qué es Europa?. Tomo II. El mundo griego y su pensamiento, traducción de José Miguel de Azaola. Tomo III. El helenismo y el genio europeo, traducción de José Miguel de Azaola. Tomo IV. El Imperio Romano. traducción de José Miguel de Azaola. Tomo V. El mundo bárbaro y su fusión con el romano. 1. Los celtas, traducción de José Miguel de Azaola. 2. Los germanos, traducción de J. García Mercadel1 aAzaola, José Miguel de (d1917-2007)9242291 aGarcía Mercadel, J.9549460 a¿Qué es Europa?0 aEl mundo griego y su pensamiento.0 aEl helenismo y el genio europeo.0 aEl Imperio Romano.0 aEl mundo bárbaro y su fusión con el romano.0 aLos celtas.0 aLos germanos. aES-MaACLjE-9925-30 bR.24059 c127253d127253 00104070aATENEOMbATENEOMcDEPO2d2008-01-17eSCl0oE-9925-30p1132543r2023-02-23 00:00:00w2023-02-23yMONOGRAFIA